[Event "Tarragona Province-ch B"]
[Site "Tarragona"]
[Date "2015.09.27"]
[Round "1.2"]
[White "Carrete Recasens, Jordi"]
[Black "Bondia Sedo, Daniel"]
[Result "1-0"]
[WhiteElo "1939"]
[BlackElo "1787"]
[PlyCount "62"]
[EventDate "2015.09.27"]
[EventType "swiss"]
[EventRounds "9"]
[EventCountry "ESP"]
[SourceTitle "EXT 2024"]
[Source "ChessBase"]
[SourceDate "2023.10.10"]
[SourceVersion "1"]
[SourceVersionDate "2023.10.10"]
[SourceQuality "1"]

1. e4 e5 2. Nf3 Nc6 3. d4 exd4 4. Nxd4 Bc5 5. Be3 Qf6 6. c3 Nxd4 7. Bxd4 Bxd4 8. cxd4 d6 9. Nc3 b6 10. Nd5 Qd8 11. Rc1 Kf8 12. Rxc7 Nf6 13. Qc2 Nxd5 14. exd5 Qe8+ 15. Be2 g6 16. 0-0 Bf5 17. Bd3 Bxd3 18. Qxd3 Kg7 19. Rfc1 Qd8 20. Qf3 Rf8 21. Qf4 a5 22. R1c6 b5 23. Qxd6 Re8 24. g3 Re2 25. Rd7 Qe8 26. Qf6+ Kg8 27. Rcc7 Re1+ 28. Kg2 Qe4+ 29. Kh3 Qf5+ 30. Qxf5 gxf5 31. Rxf7 Rd1 1-0